| 000 | 00000nas 2200000za 4500 |
| 001 | 9.851538 |
| 003 | CaOODSP |
| 005 | 20221107154411 |
| 007 | cr ||||||||||| |
| 008 | 180209d19601980oncar p oss f0###b0fre|d |
| 022 | |y0527-4990 |
| 040 | |aCaOODSP|bfre |
| 041 | |aeng|afre |
| 043 | |an-cn--- |
| 086 | 1 |aCS34-203-PDF |
| 245 | 00|aCordage and twine industry |h[ressource électronique]. |
| 246 | 13|aIndustrie des cordes et ficelles|f1967-1969 |
| 246 | 11|aCorderie et ficellerie, fabrication|f1970-1980 |
| 260 | |a[Ottawa] : |bDominion Bureau of Statistics, Industry and Merchandising Division, |c1960-1980. |
| 310 | |aAnnual |
| 362 | 1 |aParaît depuis 1960 ; ne paraît plus après 1980. |
| 490 | 0 |aAnnual census of manufactures = Recensement annuel des manufactures |
| 500 | |aTitre de la couv. |
| 500 | |aÉdition numérisée de l'imprimé [par Statistique Canada]. |
| 546 | |aTexte en anglais seulement, 1960-1966; texte en anglais et en français, 1967-1980. |
| 550 | |aPubl. 1962-1964 par la Division de l'industrie; 1965-1969 par la Division des industries manufacturières et primaires; 1970-1978 par Statistique Canada, Division des industries manufacturières et primaires; 1979-1980 par le Section des aliments, des boissons, des textiles et des industries diverses. |
| 580 | |aFusionné avec: Canvas products and cotton and jute bags industries; Miscellaneous textile industries; and, Felt and fibre processing mills, et devient: Textile products industries. |
| 692 | 07|2gccst|aIndustrie textile |
| 710 | 1 |aCanada. |bDominion Bureau of Statistics. |bIndustry and Merchandising Division. |
| 710 | 1 |aCanada. |bBureau fédéral de la statistique. |bDivision de l'industrie. |
| 710 | 1 |aCanada. |bBureau fédéral de la statistique. |bDivision des industries manufacturières et primaires. |
| 710 | 2 |aCanada. |bStatistique Canada. |bSection des aliments, des boissons, des textiles et des industries diverses. |
| 710 | 1 |aCanada. |bStatistique Canada. |bDivision des industries manufacturières et primaires. |
| 780 | 00|tThe cordage, rope and twine industry |w(CaOODSP)9.851527 |
| 785 | 00|tTextile products industries |w(CaOODSP)9.852995 |
| 791 | |tCordage and twine industry |eeng|w(CaOODSP)9.851529 |